Proposals humbly presented to His Highness Oliver, Lord Protector of England, &c. and to the High Court of Parliament now assembled : for the calling to a true and just accompt all committee-men, sequestrators, treasures, excize and custom-commissioners, collectors of monthly assessments and all other persons that have been entrusted with the publick revenue or have in their custody any thing of value appertaining to the Commonwealth ... /

Bibliographic Details
Main Author: Violet, Thomas, fl. 1634-1662
Format: eBook
Language:English
Published: London : [publisher not identified], Printed Anno Domini 1656.
Series:Early English books online.
Subjects:
Online Access:Connect to the full text of this electronic book

MARC

Tag First Indicator Second Indicator Subfields
LEADER 00000nam a2200000Ia 4500
001 in00004185437
005 20200807085549.0
006 m g d
007 cr bn |||a|bb|
008 811012s1656 enkaf o 00| | eng d
035 |a (OCoLC)7840617 
040 |a EEU  |c EEU  |d WaOLN 
037 |a CL0037000040  |b ProQuest Information and Learning. 300 N. Zeeb Rd., Ann Arbor, MI 48106 
043 |a e-uk--- 
045 2 |a u4u6  |b d1649  |b d1660 
090 |a HJ1012  |b .V564 
049 |a EEUZ 
100 1 |a Violet, Thomas,  |d fl. 1634-1662. 
245 1 0 |a Proposals humbly presented to His Highness Oliver, Lord Protector of England, &c. and to the High Court of Parliament now assembled :  |b for the calling to a true and just accompt all committee-men, sequestrators, treasures, excize and custom-commissioners, collectors of monthly assessments and all other persons that have been entrusted with the publick revenue or have in their custody any thing of value appertaining to the Commonwealth ... /  |c by Tho. Violet. 
260 |a London :  |b [publisher not identified],  |c Printed Anno Domini 1656. 
300 |a 1 online resource ([51], 79, 112 pages, [1] leaf of plates :  |b illustrations. 
336 |a text  |b txt  |2 rdacontent 
337 |a computer  |b c  |2 rdamedia 
338 |a online resource  |b cr  |2 rdacarrier 
500 |a Reproduction of original in the University of Illinois (Urbana-Champaign Campus). Library. 
510 4 |a Wing  |c V585. 
533 |a Electronic reproduction.  |b Ann Arbor, Mich. :  |c UMI,  |d 1999-  |f (Early English books online)  |n Digital version of: (Early English books, 1641-1700 ; 1217:21)  |7 s1999 miun s 
650 0 |a Finance, Public  |z Great Britain  |y To 1688  |v Sources. 
650 0 |a Coinage  |z Great Britain. 
651 0 |a Great Britain  |x History  |y Commonwealth and Protectorate, 1649-1660. 
830 0 |a Early English books online. 
856 4 0 |u http://proxy.library.tamu.edu/login?url=https://search.proquest.com/docview/2248541549  |z Connect to the full text of this electronic book  |t 0 
999 f f |s 2114a9f9-0ad1-3ab5-98cb-97d0eade7c09  |i 52b70144-aa81-3847-aa17-98e79a94ecd6  |t 0 
952 f f |a Texas A&M University  |b College Station  |c Electronic Resources  |d Available Online  |t 0  |e HJ1012 .V564  |h Library of Congress classification 
998 f f |a HJ1012 .V564  |t 0  |l Available Online